Current Central Legislation (CCL) (Record no. 19893)

MARC details
000 -LEADER
fixed length control field 00277nam a2200109Ia 4500
008 - FIXED-LENGTH DATA ELEMENTS--GENERAL INFORMATION
fixed length control field 230205s9999 xx 000 0 und d
022 ## - INTERNATIONAL STANDARD SERIAL NUMBER
ISSN 2455-2194
245 #0 - TITLE STATEMENT
Title Current Central Legislation (CCL)
260 ## - PUBLICATION, DISTRIBUTION, ETC. (IMPRINT)
Name of publisher Eastern Book Company
Place of publication Lucknow
Year of publication 2022
650 ## - SUBJECT ADDED ENTRY--TOPICAL TERM
Topical Term Law
942 ## - ADDED ENTRY ELEMENTS (KOHA)
Koha item type Journal
952 ## - LOCATION AND ITEM INFORMATION (KOHA)
Year 2022
952 ## - LOCATION AND ITEM INFORMATION (KOHA)
Year 2022
952 ## - LOCATION AND ITEM INFORMATION (KOHA)
Year 2022
952 ## - LOCATION AND ITEM INFORMATION (KOHA)
Year 2022
952 ## - LOCATION AND ITEM INFORMATION (KOHA)
Year 2022
952 ## - LOCATION AND ITEM INFORMATION (KOHA)
Year 2022
952 ## - LOCATION AND ITEM INFORMATION (KOHA)
Year 2022
952 ## - LOCATION AND ITEM INFORMATION (KOHA)
Year 2022
952 ## - LOCATION AND ITEM INFORMATION (KOHA)
Year 2022
952 ## - LOCATION AND ITEM INFORMATION (KOHA)
Year 2022
Holdings
Serial Enumeration / chronology Source of acquisition Price effective from Koha item type Withdrawn / writtenoff status Damaged status Not for loan Collection code Permanent Location Current Location Date acquired Lost/ Missing status department
Year 2022, Vol XLVIII, Issue 1 Jay Kay Law Reporter, Jammu 02/05/2023 Journal     Not For Loan   MIET Library, Jammu MIET Library, Jammu 04/18/2022   BBA LLB
Year 2022, Vol XLVIII, Issue 2 Jay Kay Law Reporter, Jammu 02/05/2023 Journal     Not For Loan   MIET Library, Jammu MIET Library, Jammu 04/18/2022   BBA LLB
Year 2022, Vol XLVIII, Issue 3 Jay Kay Law Reporter, Jammu 02/05/2023 Journal     Not For Loan   MIET Library, Jammu MIET Library, Jammu 04/18/2022   BBA LLB
Year 2022, Vol XLVIII, Issue 6 Jay Kay Law Reporter, Jammu 02/05/2023 Journal     Not For Loan   MIET Library, Jammu MIET Library, Jammu 08/23/2022   BBA LLB
Year 2022, Vol XLVIII, Issue 7 Jay Kay Law Reporter, Jammu 02/05/2023 Journal     Not For Loan   MIET Library, Jammu MIET Library, Jammu 08/23/2022   BBA LLB
Year 2022, Vol XLVIII, Issue 4 Jay Kay Law Reporter, Jammu 02/05/2023 Journal     Not For Loan   MIET Library, Jammu MIET Library, Jammu 06/23/2022   BBA LLB
Year 2022, Vol XLVIII, Issue 5 Jay Kay Law Reporter, Jammu 02/05/2023 Journal     Not For Loan   MIET Library, Jammu MIET Library, Jammu 06/23/2022   BBA LLB
Year 2022, Vol XLVIII, Issue 8 Jay Kay Law Reporter, Jammu 02/05/2023 Journal     Not For Loan   MIET Library, Jammu MIET Library, Jammu 09/17/2022   BBA LLB
Year 2022, Vol XLVIII, Issue 9 Jay Kay Law Reporter, Jammu 02/05/2023 Journal     Not For Loan   MIET Library, Jammu MIET Library, Jammu 10/19/2022   BBA LLB
Year 2022, Vol XLVIII, Issue 10 Jay Kay Law Reporter, Jammu 02/05/2023 Journal     Not For Loan   MIET Library, Jammu MIET Library, Jammu 11/17/2022   BBA LLB